| 000 | 00519nam a2200157Ia 4500 | ||
|---|---|---|---|
| 008 | 170221s9999 xx 000 0 und d | ||
| 100 | _aPeter Bryant | ||
| 245 | _aIf a Tree Falls in the Forest: The Role of Community Formation and the Power of the Individual in Zine Making Participation | ||
| 245 | _cPeter Bryant | ||
| 260 | _bOnline Journal of Communication and Media Technologies | ||
| 260 | _c2014 | ||
| 300 | _a4 : 3 | ||
| 650 | _xCommunication | ||
| 650 | _xMedia Arts | ||
| 856 | _uhttp://www.ojcmt.net/ | ||
| 999 |
_c307168 _d307168 |
||